Comentarios a los cuatro Evangelios. (Registro nro. 33591)

Detalles MARC
000 -LEADER
campo de control de longitud fija 01018nam a2200253 i 4500
001 - NÚMERO DE CONTROL
campo de control 33591
003 - IDENTIFICADOR DE NÚMERO DE CONTROL
campo de control ES-MaACL
005 - FECHA Y HORA DE LA ÚLTIMA TRANSACCIÓN
campo de control 20251012191941.0
007 - CAMPO FIJO DE DESCRIPCIÓN FÍSICA--INFORMACIÓN GENERAL
campo de control de longitud fija t|
008 - DATOS DE LONGITUD FIJA--INFORMACIÓN GENERAL
campo de control de longitud fija 030202s1950 sp |||| | spa d
100 1# - ENTRADA PRINCIPAL--NOMBRE DE PERSONA
Nombre de persona Maldonado, Juan de,
Fechas asociadas al nombre 1533-1583
9 (RLIN) 162949
245 10 - MENCIÓN DEL TÍTULO
Título Comentarios a los cuatro Evangelios.
Número de parte o sección de la obra I,
Nombre de parte o sección de la obra Evangelio de San Mateo /
Mención de responsabilidad, etc. Juan de Maldonado ; versión castellana con introducción y notas por Luis María Jiménez Font ; introducción general por José Caballero.
246 3# - FORMA VARIANTE DEL TITULO
Título propio/Titulo breve Evangelio de San Mateo
260 ## - PUBLICACIÓN, DISTRIBUCIÓN, ETC.
Lugar de publicación, distribución, etc. Madrid :
Nombre del editor, distribuidor, etc. La Editorial Católica,
Fecha de publicación, distribución, etc. 1950.
300 ## - DESCRIPCIÓN FÍSICA
Extensión VIII, 1159 p. ;
Dimensiones 20 cm.
490 1# - MENCIÓN DE SERIE
Mención de serie Biblioteca de autores cristianos ;
Designación de volumen o secuencia 59
630 04 - PUNTO DE ACCESO ADICIONAL DE MATERIA--TÍTULO UNIFORME
Título uniforme Biblia.
Nombre de parte o sección de la obra N.T.
-- Evangelio según Mateo-
Subdivisión de forma Comentarios.
9 (RLIN) 144757
700 1# - ENTRADA AGREGADA--NOMBRE PERSONAL
Nombre de persona Jiménez Font, Luis María.
9 (RLIN) 66524
700 1# - ENTRADA AGREGADA--NOMBRE PERSONAL
Nombre de persona Caballero, José,
Fechas asociadas al nombre 1899-1983
9 (RLIN) 138728
830 10 - PUNTO DE ACCESO ADICIONAL DE SERIE-TÍTULO UNIFORME
Título uniforme Biblioteca de autores cristianos
Designación de volumen o secuencia 59
9 (RLIN) 178679
852 ## - LOCALIZACIÓN
Ubicación ES-MaACL
Número de control de estantería E-3638
852 ## - LOCALIZACIÓN
Ubicación ES-MaACL
Número de control de estantería J-57
Existencias
Estatus retirado Estado de pérdida Estado de daño No para préstamo Biblioteca de origen Biblioteca actual Ubicación en estantería Fecha de adquisición Fuente de adquisición Total de préstamos Signatura topográfica completa Código de barras Visto por última vez Precio de reemplazo Tipo de ítem Koha
        Biblioteca del Ateneo de Madrid Biblioteca del Ateneo de Madrid Depósito 2 06/06/2017     J-57 1197703 23/02/2023 23/02/2023 Libro impreso
        Biblioteca del Ateneo de Madrid Biblioteca del Ateneo de Madrid Depósito 2 17/01/2008     E-3638 1034953 23/02/2023 23/02/2023 Libro impreso